Online
Catalog

Pan negro y caviar : (Record no. 3599)

MARC details
000 -CABECERA
campo de control de longitud fija 00696cam a2200205 a 4500
001 - NÚMERO DE CONTROL
campo de control 000003777
005 - FECHA Y HORA DE LA ÚLTIMA TRANSACCIÓN
campo de control 20200929150551.0
008 - DATOS DE LONGITUD FIJA--INFORMACIÓN GENERAL
campo de control de longitud fija 771024s1961 sp 000 f spa
040 ## - FUENTE DE LA CATALOGACIÓN
Centro catalogador/agencia de origen DO-SdBNP
Lengua de catalogación spa
Centro/agencia transcriptor BNPHU
082 ## - NÚMERO DE LA CLASIFICACIÓN DECIMAL DEWEY
Número de clasificación 891.744
Número de documento/Ítem M592p
100 1# - ENTRADA PRINCIPAL--NOMBRE DE PERSONA
Nombre de persona Metlova-Kearns, María
9 (RLIN) 11493
240 10 - TÍTULO UNIFORME
Título uniforme Black bread and caviar.
Lenguaje de la obra Español
245 10 - MENCIÓN DE TÍTULO
Título Pan negro y caviar :
Resto del título novela /
Mención de responsabilidad, etc. María Metlova ; traducción del inglés por Manuel Bosch Barrett.
260 ## - PUBLICACIÓN, DISTRIBUCIÓN, ETC.
Lugar de publicación, distribución, etc. Barcelona :
Nombre del editor, distribuidor, etc. Planeta,
Fecha de publicación, distribución, etc. 1961.
300 ## - DESCRIPCIÓN FÍSICA
Extensión 386 p. ;
Dimensiones 18 cm.
534 ## - NOTA SOBRE LA VERSIÓN ORIGINAL
Frase introductoria Título original:
Mención de título del original Black bread and caviar.
650 #4 - PUNTO DE ACCESO ADICIONAL DE MATERIA--TÉRMINO DE MATERIA
Término de materia o nombre geográfico como elemento de entrada Novela rusa
9 (RLIN) 4742
650 #4 - PUNTO DE ACCESO ADICIONAL DE MATERIA--TÉRMINO DE MATERIA
Término de materia o nombre geográfico como elemento de entrada Literatura rusa
9 (RLIN) 4743
700 1# - PUNTO DE ACCESO ADICIONAL--NOMBRE DE PERSONA
Nombre de persona Bosch Barrett, Manuel,
Término indicativo de función/relación tr.
9 (RLIN) 11494
Holdings
Estado de retiro Estado de pérdida Restricciones de uso No para préstamo Código de colección Localización permanente Ubicación/localización actual Ubicación en estantería Fecha de adquisición Número de inventario Total de préstamos Signatura topográfica completa Código de barras Fecha visto por última vez Precio válido a partir de Tipo de ítem Koha Número de copia
    Préstamo interno   Monografías: Libros y Folletos General General Depósito 13.07.2009 LF1   891.744 M592p 3777-10 25.06.2020 25.06.2020 Préstamo interno  
    Préstamo restringido Préstamo restrigido Monografías: Libros y Folletos General General Depósito 13.07.2009 LF1   891.744 M592p 3777-20 25.06.2020 25.06.2020 Préstamo interno e.2

Powered by Koha